A true and perfect account of the miraculous sea-monster, or, Wonderful fish lately taken in Ireland : bigger than ox, yet without legs, bones, fins, or scales, with two heads, and ten horns of 10 or 11 foot long, on eight of which horns there grew knobs about the bigness of a cloak-button, in shape like crowns or coronets, to the number of 100 on each horn, which were all to open, and had rows of teeth within them ... : together with the manner how it first appeared and was taken at a place called Dingel Ichough ... /

Bibliographic Details
Main Author: Eye witness
Format: eBook
Language:English
Published: [London?] : Printed for P. Brooksby and W. Whitwood, 1674.
Series:Early English books online.
Subjects:
Online Access:Connect to the full text of this electronic book

MARC

Tag First Indicator Second Indicator Subfields
LEADER 00000nam a2200000Ia 4500
001 in00004177821
005 20200807090227.0
006 m g d
007 cr bn |||a|bb|
008 821216s1674 enka o 00| | eng d
035 |a (OCoLC)9062185 
040 |a EEU  |c EEU  |d WaOLN 
037 |a CL0037000043  |b ProQuest Information and Learning. 300 N. Zeeb Rd., Ann Arbor, MI 48106 
043 |a e-ie--- 
049 |a EEUB 
090 |a QL89  |b .E94 
100 0 |a Eye witness. 
245 1 2 |a A true and perfect account of the miraculous sea-monster, or, Wonderful fish lately taken in Ireland :  |b bigger than ox, yet without legs, bones, fins, or scales, with two heads, and ten horns of 10 or 11 foot long, on eight of which horns there grew knobs about the bigness of a cloak-button, in shape like crowns or coronets, to the number of 100 on each horn, which were all to open, and had rows of teeth within them ... : together with the manner how it first appeared and was taken at a place called Dingel Ichough ... /  |c faithfully communicated by an eye witness. 
260 |a [London?] :  |b Printed for P. Brooksby and W. Whitwood,  |c 1674. 
300 |a 1 online resource (8 pages :  |b illustrations. 
336 |a text  |b txt  |2 rdacontent 
337 |a computer  |b c  |2 rdamedia 
338 |a online resource  |b cr  |2 rdacarrier 
500 |a Reproduction of original in the Harvard University Library. 
510 4 |a Wing  |c T2520. 
533 |a Electronic reproduction.  |b Ann Arbor, Mich. :  |c UMI,  |d 1999-  |f (Early English books online)  |n Digital version of: (Early English books, 1641-1700 ; 1296:53)  |7 s1999 miun s 
650 0 |a Sea monsters  |z Ireland. 
740 0 |a Wonderful fish lately taken in Ireland. 
830 0 |a Early English books online. 
856 4 0 |u http://proxy.library.tamu.edu/login?url=https://search.proquest.com/docview/2248499250  |z Connect to the full text of this electronic book  |t 0 
999 f f |s 914950c6-bcf9-33fc-b9f1-2b2bcbd5d646  |i b815a067-6166-3ec4-b046-5aa2f49620c7  |t 0 
952 f f |a Texas A&M University  |b College Station  |c Electronic Resources  |d Available Online  |t 0  |e QL89 .E94  |h Library of Congress classification 
998 f f |a QL89 .E94  |t 0  |l Available Online